000 00491nam a22001457a 4500
999 _c130270
_d130270
008 200203b ||||| |||| 00| 0 eng d
050 _aJQ2831.M45 2001
100 _aMembe, Franklin L.
_949291
245 _aAfrica's troubled political disorder - a case on Zambia
_bwhat renaissance? whose renaissance?
_cFranlin L. Membe
250 _a1st. ed.
260 _aLesotho
_bMorija
_c2001
300 _axiii, 105p. ;
_c21cm.
651 _aZambia
_xPolitics
_y1991-
_949292
942 _2lcc
_cMONOGRAPH